|
|
|
|
| LEADER |
03781nam a2200817 ia4500 |
| 001 |
nkc20223469865 |
| 003 |
CZ PrNK |
| 005 |
20250623091553.0 |
| 007 |
ta |
| 008 |
221102m20229999xr a b 6 000 1 cze |
| 015 |
|
|
|a cnb003469865
|z cnb003469104
|z cnb003469105
|
| 020 |
|
|
|a 978-80-252-5321-2
|q (1 ;
|q brožováno) :
|c Kč 229,00
|
| 020 |
|
|
|a 978-80-252-5322-9
|q (2 ;
|q brožováno) :
|c Kč 229,00
|
| 020 |
|
|
|a 978-80-252-5581-0
|q (3 ;
|q brožováno) :
|c Kč 229,00
|
| 020 |
|
|
|a 978-80-252-5582-7
|q (4 ;
|q brožováno) :
|c Kč 229,00
|
| 020 |
|
|
|a 978-80-252-5984-9
|q (5 ;
|q brožováno) :
|c Kč 229,00
|
| 020 |
|
|
|a 978-80-252-5983-2
|q (6 ;
|q brožováno) :
|c Kč 229,00
|
| 035 |
|
|
|a (OCoLC)1354195042
|
| 040 |
|
|
|a OLA001
|b cze
|d BOA001
|d ABA001
|e rda
|
| 041 |
1 |
|
|a cze
|h ita
|
| 072 |
|
7 |
|a 741.52
|x Komiksy. Komiksové adaptace
|2 Konspekt
|9 21
|
| 072 |
|
7 |
|a 821-93
|x Literatura pro děti a mládež (beletrie)
|2 Konspekt
|9 26
|
| 080 |
|
|
|a 741.52(0:82-322.9)
|2 MRF
|
| 080 |
|
|
|a 821-93
|2 MRF
|
| 100 |
1 |
|
|a Adragna, Giulia
|7 xx0278199
|4 aut
|4 ill
|
| 240 |
1 |
0 |
|a Miraculous: le storie di Ladybug e Chat Noir.
|l Česky
|
| 245 |
1 |
0 |
|a Kouzelná Beruška a Černý Kocour /
|c scénář, kresba, barva a obálka Giulia Adragnová ; překlad Tereza Sieglová
|
| 246 |
3 |
|
|a Kouzelná Beruška a Černý Kocour - komiks
|
| 250 |
|
|
|a První vydání
|
| 264 |
|
1 |
|a V Praze :
|b Egmont,
|c 2022-
|
| 264 |
3 |
1 |
|3 2025-
|a V Praze :
|b Alicanto
|
| 300 |
|
|
|a ^^^svazků :
|b barevné ilustrace ;
|c 24 cm
|
| 336 |
|
|
|a text
|b txt
|2 rdacontent
|
| 336 |
|
|
|a statický obraz
|b sti
|2 rdacontent
|
| 337 |
|
|
|a bez média
|b n
|2 rdamedia
|
| 338 |
|
|
|a svazek
|b nc
|2 rdacarrier
|
| 490 |
1 |
|
|a Zag heroez. Miraculous
|
| 500 |
|
|
|a Přeloženo z italštiny
|
| 500 |
|
|
|a Názvy částí z obálky
|
| 500 |
|
|
|a Podnázev na hřbetu: komiksové příběhy
|
| 500 |
|
|
|a Od 3. dílu bez údajů o autorské odpovědnosti
|
| 505 |
1 |
0 |
|g 1,
|t Kouzlo zázraku.
|g 2022.
|g 64 nečíslovaných stran
|
| 505 |
1 |
0 |
|g 2,
|t Honba za motýly.
|g 2022.
|g 67 nečíslovaných stran
|
| 505 |
1 |
0 |
|g 3,
|t Hrdinové proti zlu.
|g 2023.
|g 68 nečíslovaných stran
|
| 505 |
1 |
0 |
|g 4,
|t Kočaklysma.
|g 2023.
|g 68 nečíslovaných stran
|
| 505 |
1 |
0 |
|g 5,
|t V jednotě je síla!.
|g 2025.
|g 66 nečíslovaných stran
|
| 505 |
1 |
0 |
|g 6,
|t Superhrdinové v Paříži.
|g 2025.
|g 66 nečíslovaných stran
|
| 521 |
8 |
|
|a Pro čtenáře od 6-7 let
|
| 655 |
|
7 |
|a superhrdinské komiksy
|7 fd1057488
|2 czenas
|
| 655 |
|
7 |
|a publikace pro děti
|7 fd133156
|2 czenas
|
| 655 |
|
9 |
|a superhero comics
|2 eczenas
|
| 655 |
|
9 |
|a children's literature
|2 eczenas
|
| 700 |
1 |
|
|a Sieglová, Tereza,
|d 1979-
|7 mzk2009502379
|4 trl
|
| 830 |
|
0 |
|a Zag heroez (Egmont).
|p Miraculous
|0 s
|
| 830 |
|
0 |
|a Zag heroez (Alicanto).
|p Miraculous
|0 s
|
| 910 |
2 |
|
|a BOA001
|b 2-1499.028
|s 1-6-
|
| 920 |
|
|
|a 001839000
|
| 920 |
|
|
|a 001839002
|
| 920 |
|
|
|a nkc20223469104
|
| 920 |
|
|
|a nkc20223469105
|
| 928 |
9 |
|
|a Albatros Media - Egmont
|
| 928 |
9 |
|
|a Albatros Media - Alicanto
|
| 990 |
|
|
|a BK
|
| 995 |
|
|
|a 01
|
| 991 |
|
|
|b 202506
|c NOV
|
| 996 |
6 |
|
|b 2610921559
|c 2-1499.028
|d 1. díl
|v 1
|l MZK
|r Sklad / do 1 hodiny
|n 0
|p p.v.
|w 001905783
|u 000010
|a 1
|e BOA001
|j MZK50
|s P
|
| 996 |
6 |
|
|b 2610921560
|c 2-1499.028
|d 2. díl
|v 2
|l MZK
|r Sklad / do 1 hodiny
|n 0
|p p.v.
|w 001905783
|u 000020
|a 1
|e BOA001
|j MZK50
|s P
|
| 996 |
6 |
|
|b 2610955997
|c 2-1499.028
|d 3. díl
|v 3
|l MZK
|r Sklad / do 1 hodiny
|n 1
|p p.v.
|w 001905783
|u 000030
|a 1
|e BOA001
|j MZK50
|s P
|
| 996 |
6 |
|
|b 2610955998
|c 2-1499.028
|d 4. díl
|v 4
|l MZK
|r Sklad / do 1 hodiny
|n 1
|p p.v.
|w 001905783
|u 000040
|a 1
|e BOA001
|j MZK50
|s P
|
| 996 |
6 |
|
|b 2611004948
|c 2-1499.028
|d 5. díl
|v 5
|l MZK
|r Sklad / do 1 hodiny
|n 1
|p p.v.
|w 001905783
|u 000050
|a 1
|e BOA001
|j MZK50
|s P
|
| 996 |
6 |
|
|b 2611005512
|c 2-1499.028
|d 6. díl
|v 6
|l MZK
|r Sklad / do 1 hodiny
|n 1
|p p.v.
|w 001905783
|u 000060
|a 1
|e BOA001
|j MZK50
|s P
|